De los signos y los conceptos.

Saved in:
Bibliografiske detaljer
Hovedforfatter: Santo Tomás, Juan de (autor)
Andre forfattere: Beuchot, Mauricio (introducción, traducción, notas)
Format: Bog
Sprog:spansk
Udgivet: México, D.F., México: Universidad Nacional Autónoma de México, 1989.
Udgivelse:Primera edición en español.
Serier:Colección Estudios Clásicos.
Fag:
Tags: Tilføj Tag
Ingen Tags, Vær først til at tagge denne postø!

MARC

LEADER 00000cam a2200000 a 4500
001 UCE9128
003 CL-VaPUC
005 20220822114408.0
008 150928e19890000mx |||||||||||||||||spa|d
999 |c 360826  |d 360824 
020 |a 968-36-1027-7 
040 |c Pontificia Universidad Católica de Valparaíso 
082 0 4 |a 121.68 SAN 1989   |2 21 
100 0 |a Santo Tomás, Juan de  |e autor  |9 581847 
245 1 0 |a De los signos y los conceptos. 
250 |a Primera edición en español.  
260 |a México, D.F., México:   |b Universidad Nacional Autónoma de México,  |c 1989. 
300 |a 214 páginas.  
490 0 |a Colección Estudios Clásicos. 
500 |a c.2 Donación Familia Prof. Alejandro Guzmán Brito. 
583 |a last modification  |c 20150928 14:02:00  |k Rodrigo Vera 
650 0 |a Signos  |9 337575 
650 0 |a Epistemología   |9 264994 
650 0 |a Cognición   |9 270347 
700 |a Beuchot, Mauricio  |9 316803  |e introducción  |e traducción  |e notas 
942 |c BK  |2 ddc  |n 0 
945 |d 20150928 14:02:00  |a gsalatino